[Event "Wch U16 Girls blitz"]
[Site "Terme Catez"]
[Date "2024.12.16"]
[Round "21"]
[White "Krevh, Hana"]
[Black "Novomeska, Karin"]
[Result "0-1"]
[WhiteElo "1574"]
[BlackElo "1830"]
[PlyCount "76"]
[EventDate "2024.12.16"]
[EventType "swiss (blitz)"]
[EventRounds "22"]
[EventCountry "SLO"]
[SourceTitle "CB51_2024"]
[SourceDate "2024.12.18"]
[SourceVersion "1"]
[SourceVersionDate "2024.12.18"]
[SourceQuality "1"]

1. e4 c6 2. d4 d5 3. Nc3 dxe4 4. Nxe4 Bf5 5. Bd3 Qxd4 6. Nf3 Qd8 7. 0-0 e6 8. Bf4 Nf6 9. Nxf6+ Qxf6 10. Re1 Bxd3 11. Qxd3 Be7 12. c3 Na6 13. Bg5 Qg6 14. Qd2 Bxg5 15. Nxg5 0-0 16. Rad1 h6 17. Nf3 Rad8 18. Qxd8 Rxd8 19. Rxd8+ Kh7 20. Red1 Nc5 21. Rc8 Qc2 22. Rcd8 Qxb2 23. Ne5 f6 24. Nf7 Qxc3 25. Nd6 Qc2 26. Nf7 Qxa2 27. R8d2 Qc4 28. Nd6 Qb4 29. g3 Ne4 30. Nxe4 Qxe4 31. Rd7 c5 32. Rc1 c4 33. Rc7 b5 34. Rxa7 b4 35. Ra4 c3 36. h3 Qd4 37. Kf1 Qd2 38. Raa1 c2 0-1

[Event "Wch U16 Girls blitz"]
[Site "Terme Catez"]
[Date "2024.12.16"]
[Round "15"]
[White "Krevh, Hana"]
[Black "Recica, Jona"]
[Result "0-1"]
[WhiteElo "1574"]
[BlackElo "1811"]
[PlyCount "54"]
[EventDate "2024.12.16"]
[EventType "swiss (blitz)"]
[EventRounds "22"]
[EventCountry "SLO"]
[SourceTitle "CB51_2024"]
[SourceDate "2024.12.18"]
[SourceVersion "1"]
[SourceVersionDate "2024.12.18"]
[SourceQuality "1"]

1. e4 e5 2. Nf3 Nc6 3. Nc3 Nf6 4. d4 exd4 5. Nxd4 Bb4 6. Nxc6 bxc6 7. Bd3 Bxc3+ 8. bxc3 0-0 9. 0-0 Re8 10. Bg5 d6 11. Re1 h6 12. Bh4 Be6 13. h3 c5 14. Qf3 c4 15. Bf1 Rb8 16. Rab1 Qe7 17. e5 dxe5 18. Rxe5 Rxb1 19. Qe3 Rd8 20. f4 Rdd1 21. Kh2 Ng4+ 22. Kg3 Qxh4+ 23. Kxh4 Nxe3 24. Rxe3 Rxf1 25. Kg3 Rb2 26. Re2 Rc1 27. Rd2 Rcxc2 0-1

[Event "Wch U16 Girls blitz"]
[Site "Terme Catez"]
[Date "2024.12.16"]
[Round "9"]
[White "Kurmanalina, Deniza"]
[Black "Krevh, Hana"]
[Result "1-0"]
[WhiteElo "1698"]
[BlackElo "1574"]
[PlyCount "87"]
[EventDate "2024.12.16"]
[EventType "swiss (blitz)"]
[EventRounds "22"]
[EventCountry "SLO"]
[SourceTitle "CB51_2024"]
[SourceDate "2024.12.18"]
[SourceVersion "1"]
[SourceVersionDate "2024.12.18"]
[SourceQuality "1"]

1. e4 e6 2. d4 d5 3. exd5 exd5 4. Nc3 Nf6 5. h3 Bd6 6. Bg5 c6 7. Nf3 0-0 8. Be2 Bf5 9. 0-0 Nbd7 10. Nh4 Bg6 11. Nxg6 fxg6 12. Bd3 Qc7 13. Ne2 Rae8 14. c4 dxc4 15. Bxc4+ Kh8 16. Nc3 c5 17. Nb5 Qb6 18. Nxd6 Qxd6 19. dxc5 Qxc5 20. Bb3 Qb5 21. Be3 a6 22. Rc1 Rc8 23. Qd4 Rfe8 24. Ba4 Rxc1 25. Rxc1 Qf5 26. Bxd7 Nxd7 27. Rc7 Ne5 28. Bf4 Nf7 29. Be3 h6 30. Rxb7 a5 31. Qa7 Kg8 32. Re7 Rf8 33. Qb6 Ne5 34. Qb3+ Kh8 35. Bd4 Nf7 36. Qe3 Qc8 37. Bc5 Rd8 38. Rxf7 Rd1+ 39. Kh2 Qb8+ 40. g3 Qa8 41. Qf3 Qb8 42. Rf8+ Qxf8 43. Qxf8+ Kh7 44. Kg2 1-0

[Event "Wch U16 Girls blitz"]
[Site "Terme Catez"]
[Date "2024.12.16"]
[Round "22"]
[White "Novomeska, Karin"]
[Black "Krevh, Hana"]
[Result "1-0"]
[WhiteElo "1830"]
[BlackElo "1574"]
[PlyCount "31"]
[EventDate "2024.12.16"]
[EventType "swiss (blitz)"]
[EventRounds "22"]
[EventCountry "SLO"]
[SourceTitle "CB51_2024"]
[SourceDate "2024.12.18"]
[SourceVersion "1"]
[SourceVersionDate "2024.12.18"]
[SourceQuality "1"]

1. d4 d5 2. c4 c6 3. Nf3 Nf6 4. g3 Bf5 5. Bg2 dxc4 6. 0-0 e6 7. Nc3 b5 8. Nh4 Bd6 9. e4 Bg6 10. e5 Bc7 11. exf6 Qxf6 12. Nxb5 Bb6 13. Nd6+ Ke7 14. Nxc4 Bxd4 15. Nf3 Bb6 16. Bg5 1-0

[Event "Wch U16 Girls blitz"]
[Site "Terme Catez"]
[Date "2024.12.16"]
[Round "7"]
[White "Sharku, Rona"]
[Black "Krevh, Hana"]
[Result "0-1"]
[WhiteElo "1432"]
[BlackElo "1574"]
[PlyCount "52"]
[EventDate "2024.12.16"]
[EventType "swiss (blitz)"]
[EventRounds "22"]
[EventCountry "SLO"]
[SourceTitle "CB51_2024"]
[SourceDate "2024.12.18"]
[SourceVersion "1"]
[SourceVersionDate "2024.12.18"]
[SourceQuality "1"]

1. e4 e6 2. d4 d5 3. Nc3 Nf6 4. e5 Nfd7 5. f4 c5 6. Nce2 Nc6 7. c3 Be7 8. Nf3 0-0 9. Be3 Qb6 10. Rb1 h6 11. g3 a5 12. Bg2 c4 13. a3 Qa6 14. 0-0 b5 15. Ra1 Qb6 16. Qd2 Bb7 17. Rfe1 b4 18. axb4 axb4 19. Rxa8 Rxa8 20. Rb1 bxc3 21. Qc2 cxb2 22. Qxb2 Qxb2 23. Rxb2 Ra1+ 24. Kf2 Ba6 25. Rc2 Nb4 26. Rb2 Nd3# 0-1

[Event "Wch U16 Girls rapid"]
[Site "Terme Catez"]
[Date "2024.12.14"]
[Round "2"]
[White "Guid, Taja"]
[Black "Krevh, Hana"]
[Result "1-0"]
[WhiteElo "1926"]
[BlackElo "1676"]
[PlyCount "71"]
[EventDate "2024.12.14"]
[EventType "swiss (rapid)"]
[EventRounds "11"]
[EventCountry "SLO"]
[SourceTitle "CB51_2024"]
[SourceDate "2024.12.18"]
[SourceVersion "1"]
[SourceVersionDate "2024.12.18"]
[SourceQuality "1"]

1. e4 e6 2. d4 d5 3. Nd2 Nf6 4. e5 Nfd7 5. Bd3 c5 6. c3 Nc6 7. Ngf3 Be7 8. 0-0 0-0 9. Re1 Qb6 10. Nf1 Kh8 11. Bc2 Qc7 12. Qd3 g6 13. Bh6 Rg8 14. a3 Bf8 15. Qd2 Ne7 16. Bxf8 Nxf8 17. Ng5 Nf5 18. dxc5 Rg7 19. b4 Bd7 20. Ne3 Rc8 21. Rac1 a5 22. Ng4 Bc6 23. Bd3 axb4 24. cxb4 Be8 25. Nf6 Nd7 26. Nxe8 Rxe8 27. Bb5 Rd8 28. f4 f6 29. Nxe6 Qc8 30. Nxg7 Kxg7 31. e6 Nb8 32. e7 Nxe7 33. Rxe7+ Kg8 34. Rce1 Nc6 35. Bxc6 bxc6 36. Qe2 1-0